Konkurencieschopnosť absolventov Podnikovohospodárskej fakulty Ekonomickej univerzity so sídlom v Košiciach a ich uplatnenie v praxi
Formy vzdelávania a profil absolventa v akreditovaných študijných odboroch a programoch na Podnikovohospodárskej fakulte Ekonomickej univerzity v Košiciach s možnosťou ich uplatnenia v praxi. Vedeckovýskumná činnosť fakulty a jej spolupráca s domácimi i zahraničnými partnerskými univerzitami a praxo...
Salvato in:
| Autore principale: | |
|---|---|
| Altri autori: | , |
| Natura: | Capitolo di libro |
| Lingua: | slovacco |
| Soggetti: | |
| Tags: |
Nessun Tag, puoi essere il primo ad aggiungerne!!
|
MARC
| LEADER | 00000nla$a2200000$$$4500 | ||
|---|---|---|---|
| 001 | 0120751 | ||
| 005 | 20240605094430.1 | ||
| 041 | 0 | |a slo | |
| 044 | |a SK | ||
| 245 | 1 | 0 | |a Konkurencieschopnosť absolventov Podnikovohospodárskej fakulty Ekonomickej univerzity so sídlom v Košiciach a ich uplatnenie v praxi |c Jana Naščáková, Lenka Pčolinská, Michal Tkáč |
| 520 | |a Formy vzdelávania a profil absolventa v akreditovaných študijných odboroch a programoch na Podnikovohospodárskej fakulte Ekonomickej univerzity v Košiciach s možnosťou ich uplatnenia v praxi. Vedeckovýskumná činnosť fakulty a jej spolupráca s domácimi i zahraničnými partnerskými univerzitami a praxou. Výskumnovýstavné a informačné centrum bioenergie, ktoré je súčasťou Ekonomickej univerzity a o jeho viacúčelový význam. | ||
| 610 | 2 | 0 | |a vzdelávanie vysokoškolské |
| 610 | 2 | 0 | |a odbory študijné |
| 610 | 2 | 0 | |a vyučovanie |
| 610 | 2 | 0 | |a ekonómia |
| 610 | 2 | 0 | |a hospodárstvo podnikové |
| 610 | 2 | 0 | |a univerzity |
| 610 | 2 | 0 | |a konkurencieschopnosť |
| 100 | 1 | |a Naščáková, Jana | |
| 700 | 1 | |a Pčolinská, Lenka | |
| 700 | 1 | |a Tkáč, Michal, 1958- | |